000 00421nam a2200157 4500
001 116565
003 ES-MaACL
005 20230906190729.0
007 t|
008 061121s1919 sp r ||||1| spa d
100 1 _aPaulsen, Friedrich.
_989662
245 1 4 _aLas universidades de Alemania /
_cFriedrich Paulsen.
260 _aMadrid :
_bCosano,
_c1919.
300 _a156 p. ;
_c22 x 15 cm.
852 _aES-MaACL
_jF-4255
999 _c116565
_d116565